| 000 | 00967nac a22002891i 4500 | ||
|---|---|---|---|
| 003 | EG-ScBUE | ||
| 005 | 20230112110114.0 | ||
| 008 | 230112s2006 vraae f 001 0 eng d | ||
| 020 | _a186470120X | ||
| 020 | _a9781864701203 | ||
| 040 |
_aEG-ScBUE _beng _erda _cEG-ScBUE _dEG-ScBUE |
||
| 082 | 0 | 4 |
_a747.8831 _bJOD _222 |
| 100 | 1 |
_aJodidio, Philip, _eauthor. |
|
| 245 | 1 | 0 |
_aMinimum space maximum living : _bespace minimum expérience maximale / _cPhilip Jodidio. |
| 264 | 1 |
_aMulgrave, Victoria : _bImages Publishing Group, _c2006. |
|
| 300 |
_a188 pages : _billustrations (chiefly color), plans ; _c26 cm |
||
| 336 |
_2rdacontent _atext _btxt |
||
| 337 |
_2rdamedia _aunmediated _bn |
||
| 338 |
_2rdacarrier _avolume _bnc |
||
| 500 | _aIncludes index. | ||
| 650 | 7 |
_aSpace (Architecture) _2BUEsh |
|
| 650 | 7 |
_aInterior architecture. _2BUEsh |
|
| 650 | 7 |
_aRoom layout (Dwellings) _2BUEsh |
|
| 653 | _bENGARC | ||
| 655 | _vReading book | ||
| 942 |
_cBB _2ddc |
||
| 999 |
_c1965 _d1965 |
||